000 00438cam a2200157 4500
020 _a0876207123
020 _a9780876207123
040 _cDLC
082 0 0 _a301 GOO 1970 A076 Or.
100 1 _aAnderson, Walt,
245 1 0 _aPolitics and environment:
_ba reader in ecological crisis.
260 _aPacific Palisades, Calif.,
_bGoodyear Pub. Co.
_c[1970]
300 _axvi, 362 p.
_c22 cm.
650 0 _aEnvironmental policy
942 _cEK
999 _c15401
_d15401